00829cam a22002171 450000100060000000300080000600500170001400800390003103500190007003500180008904000470010704100080015408200200016210000410018224501510022326000660037430000610044050400510050165000190055265100400057111334BD-RjUL20211208235116.0140126s1933 nyuaf b 001 0 eng a(BD-RjUL)11383 a(OCoLC)581845 aDLCcOKentUdOCoLCdMCMdDLCdBD-RjULbeng aeng a552.1bDAI 19331 aDaly, Reginald Aldworth,d1871-1957.10aIgneous rocks and the depths of the earth :bcontaining some revised chapters of "Igneous rocks and their origin" (1914) /cReginald Aldworth Daly aNew York ;aLondon :bMcGraw-Hill Book Company, inc.,cc1933. axvi, 598 p. :bfront., illus., plates, diagrs. ;c23 cm. aIncludes bibliographical references and index. 0aIgneous rocks. 0aEarth (Planet)xInternal structure.